Statistics for Rugby Top 25 Point Scorers in the World

Click here to take the quiz!

General Stats

  • This quiz has been taken 10 times
  • The average score is 11 of 22

Answer Stats

RankPlayerPointsCapsPositionInternational Team(s)Club Team(s)Years Active% Correct
2Dan Carter4592355Fly-HalfNew ZealandCanterbury (2002-2014), Crusaderss (2003-2015), Perpignan (2008-2009), Racing 92 (2015-2016), Kobello Steelers (2018-2020), Blues (2020-present)2002-2020
100%
11Jonathan Sexton3042464Fly-HalfIreland, British and Irish LionsLeinster (2006-2013, 2015-present), Racing 92 (2013-2015)2006-present
89%
4Jonny Wilkinson4179420Fly-HalfEngland, British and Irish LionsNewcastle Falcons (1997-2009), Toulon (2009-2014)1997-2014)
89%
8Morné Steyn3960431Fly-HalfSouth AfricaBlues (2003-2013, 2020-present), Stade Francais (2013-2020), Vodacom Bulls (2005-2013,2020-present)2003-present
78%
9Owen Farrell3518339Fly Half, Inside CentreEngland, British and Irish LionsSaracens (2008-present), Beford (loan/2009-2011)2008-present
67%
17Greig Laidlaw2382347Scrum-Half, Fly-HalfScotland, BarbariansEdinburgh (2007-2014), Gloucester (2014-2017), Clermont Avergne (2017-2020), NTT Communications Shining Arcs (2020-present)2007-present
56%
13Leigh Halfpenny2637307Fullback, WingerWales, British and Irish LionsNeath (2006), Cardiff RFC (2007-2008), Cardiff Blues (2008-2014), Toulon (2014-2017), Scarlets (2017-present)2006-present
56%
20Matt Giteau1969354Inside Centre, Fly-HalfAustraliaBrumbies (2001-2006, 20010-2011)), Western Force (2007-2009), Toulon (2011-2017), Suntory Sungoliath (2017-2020)2001-2020
56%
6Ronan O'Gara3708370Fly-HalfIreland, British and Irish LionsMunster (1997-2013)1997-2013
56%
5Andrew Mehrtens3997370Fly HalfNew ZealandCanterbury (1993-2005), Crusaders (1996-2005), Harlequins (2005-2007), Racing 92 (2008-2010), Béziers (2010-2013),1993-2013
44%
19Beauden Barrett2407293FullbackNew ZealandTranaki (2010-present), Hurricanes (2011-2019), Blues (2020-present), Suntory Sungoliath (2021)2010-present
44%
1Neil Jenkins5229399Fly-HalfWales, British and Irish LionsPontypridd (1990-1999, 2002-2003), Cardiff (1999-2002), Celtic Warriors (2003-2004)1990-2004
44%
16Percy Montgomery2300308Fullback, Centre, Fly-HalfSouth AfricaWestern Province (1996-2002), Stomers (1996-2002), Newport (2002-2005), Dragons (2002-2005), Sharks (2005-2007), Perpignan (2007-2008), Stormers (2009)1996-2009
44%
3Stephen Jones4524469Fly-Half, Inside CentreWales, British and Irish LionsLlanelli (1996-2003), Llanelli Scarlets (2003-2004, 2006-2012), Clermont Auvergne (2004-2006), London Wasps (2012-2013)1996-2013
44%
21Chris Paterson1906281Fullback, Fly-Half, WingerScotlandGlasgow (2009), Edinburgh (1999-2007, 2008-2012), Gloucester (2007-2008)1998-2012
33%
12Felipe Contepomi2982334Fly-Half, CentreArgentinaBristol (2001-2003), Leinster (2003-2009), Toulon (2009-2011), Stade Francais (2011-2013), Club Newman (2013-2015)2001-2015
33%
10Grant Fox3391235Fly-HalfNew ZealandAuckland (1982-1993)1982-1993
33%
7Matt Burke3670391FullbackAustraliaEastwood (1990-1996), Newcastle Falcons (2004-2008), Waratahs (1996-2004)1990-2004
33%
15Michael Lynagh233291Fly-HalfAustraliaQueensland (1982-1995), Benetton Treviso (1991-1996), Saracens (1996-1998)1982-1998
33%
25Nicolás Sanchez1877173Fly-HalfArgentinaPampas XV (2010-2011), Bordeaux (2011-2014), Toulon (2014-2015), Jaguares (2016-2018), Stade Francais (2018-present)2010-present
33%
24Bernard Foley1973218Fly-Half, FullbackAustraliaWaratahs (2011-2019), Sydney Stars (2014), Ricoh Black Rams (2015-2016), NSW Country Eagles (2016-present), Kubota Spears (2020-present)2011-present)
22%
14David Humphreys2422291Fly-HalfIrelandLondon Irish (1995-1998), Ulster (1998-2008)1995-2008
11%

Score Distribution

Percentile by Number Answered

Percent of People with Each Score

Your Score History

You have not taken this quiz